Statistics for Subdivisions of Tajikistan with map

Click here to take the quiz!

General Stats

  • This quiz has been taken 618 times
  • The average score is 3 of 5

Answers on the Map

Answers color-coded by a green-red scale on the quiz's map according to % correct below.
 

Answer Stats

Answer% Correct
Dushanbe
96%
Gorno-Badakhshan Autonomous Region
53%
Sughd
53%
Khatlon
41%
Districts under Central Government Jurisdiction
31%

Score Distribution

Percentile by Number Answered

Percent of People with Each Score

Your Score History

You have not taken this quiz